| 000 | 00440nam a22001697a 4500 | ||
|---|---|---|---|
| 003 | NUST - PNEC | ||
| 005 | 20170116181004.0 | ||
| 008 | 150912b xxu||||| |||| 00| 0 eng d | ||
| 020 | _a8170298601 | ||
| 040 | _cLIBRARY | ||
| 082 | _a658.84 BLU | ||
| 100 |
_99682 _aBlum, Adam |
||
| 245 |
_aBuilding business websites _cAdam Blum |
||
| 260 | _c1997 | ||
| 650 |
_911769 _aBusiness enterprises communication systems _xMIS |
||
| 942 |
_2ddc _cBK |
||
| 999 |
_c66807 _d66807 |
||